|
|
|
|
| LEADER |
02434nam a2200565 a 4500 |
| 001 |
nkc20061662316 |
| 003 |
CZ PrNK |
| 005 |
20061018170610.0 |
| 007 |
ta |
| 008 |
060703s2006 xr ab f 000 0 cze |
| 015 |
|
|
|a cnb001662316
|
| 020 |
|
|
|a 80-85900-58-0
|q (brož.)
|
| 035 |
|
|
|a (OCoLC)85550076
|
| 040 |
|
|
|a BOA001
|b cze
|d ABA001
|
| 043 |
|
|
|a e-xr---
|b e-xr-cc
|a e-pl---
|2 czenas
|
| 072 |
|
7 |
|a 628
|x Sanitární technika. Vodárenství. Odpadové hospodářství. Světelná technika
|2 Konspekt
|9 19
|
| 080 |
|
|
|a 628.11
|2 MRF
|
| 080 |
|
|
|a 502.175
|2 MRF
|
| 080 |
|
|
|a 316.4.063.3
|2 MRF
|
| 080 |
|
|
|a (437.31-11)
|2 MRF
|
| 080 |
|
|
|a (438-15)
|2 MRF
|
| 080 |
|
|
|a (047.31)
|2 MRF
|
| 245 |
0 |
0 |
|a Vodní zdroje vnitrosudetské pánve :
|b výsledky česko-polské spolupráce při monitoringu a modelování (1975-2004) /
|c Ladislav Kašpárek ... [et al.]
|
| 260 |
|
|
|a Praha :
|b Výzkumný ústav vodohospodářský T.G. Masaryka,
|c 2006
|
| 300 |
|
|
|a 76 s. :
|b barev. il., mapy ;
|c 30 cm
|
| 500 |
|
|
|a Na obálce nad názvem: Ministerstvo životního prostředí
|
| 504 |
|
|
|a Obsahuje bibliografii
|
| 650 |
0 |
7 |
|a vodní zdroje
|7 ph116613
|z Česko
|2 czenas
|
| 650 |
0 |
7 |
|a vodní zdroje
|7 ph116613
|z Polsko
|2 czenas
|
| 650 |
0 |
7 |
|a monitorování životního prostředí
|7 ph122969
|z Česko
|2 czenas
|
| 650 |
0 |
7 |
|a monitorování životního prostředí
|7 ph122969
|z Polsko
|2 czenas
|
| 650 |
0 |
7 |
|a přeshraniční spolupráce
|7 ph135604
|z Česko
|2 czenas
|
| 650 |
0 |
7 |
|a přeshraniční spolupráce
|7 ph135604
|z Polsko
|2 czenas
|
| 650 |
0 |
9 |
|a water catchment areas
|z Czechia
|2 eczenas
|
| 650 |
0 |
9 |
|a water catchment areas
|z Poland
|2 eczenas
|
| 650 |
0 |
9 |
|a environmental monitoring
|z Czechia
|2 eczenas
|
| 650 |
0 |
9 |
|a environmental monitoring
|z Poland
|2 eczenas
|
| 650 |
0 |
9 |
|a transborder cooperation
|z Czechia
|2 eczenas
|
| 650 |
0 |
9 |
|a transborder cooperation
|z Poland
|2 eczenas
|
| 655 |
|
7 |
|a výzkumné zprávy
|7 fd131869
|2 czenas
|
| 655 |
|
9 |
|a research reports
|2 eczenas
|
| 651 |
|
7 |
|a vnitrosudetská pánev (Česko a Polsko)
|7 ge359392
|2 czenas
|
| 651 |
|
9 |
|a vnitrosudetská pánev (Czechia and Poland)
|2 eczenas
|
| 700 |
1 |
|
|a Kašpárek, Ladislav,
|d 1943-
|7 ola2005262810
|4 aut
|
| 710 |
1 |
|
|a Česko.
|b Ministerstvo životního prostředí
|7 kn20010725026
|
| 910 |
2 |
|
|a BOA001
|b 4-1173.438
|
| 990 |
|
|
|a BK
|
| 995 |
|
|
|a 01
|
| 991 |
|
|
|b 200608
|c NOV
|
| 996 |
6 |
|
|b 2610287029
|c 4-1173.438
|l MZK
|r Sklad / do 1 hodiny
|n 0
|p p.v.
|w 000823902
|u 000010
|a 1
|e BOA001
|j MZK50
|s P
|